De la competencia informacional al ciberplagio en Educación Primaria (Record no. 187063)
[ view plain ]
| 000 -CABECERA | |
|---|---|
| campo de control de longitud fija | 01868nab a2200289 a 4500 |
| 005 - FECHA Y HORA DE LA ÚLTIMA TRANSACCIÓN | |
| campo de control | 20251210064108.0 |
| 008 - ELEMENTOS DE LONGITUD FIJA--INFORMACIÓN GENERAL | |
| campo de control de longitud fija | 991125c2016 sp fr p o 000 0 spa d |
| 035 ## - NÚMERO DE CONTROL DEL SISTEMA | |
| Número de control de sistema | UPN01000214963 |
| 040 ## - FUENTE DE LA CATALOGACIÓN | |
| Centro catalogador/agencia de origen | UPN |
| Lengua de catalogación | spa |
| Centro/agencia transcriptor | UPN |
| Normas de descripción | aacr2 |
| 049 ## - COLECCIÓN | |
| Colección | ART-E |
| 100 1# - ASIENTO PRINCIPAL--NOMBRE PERSONAL | |
| Nombre de persona | Reche Urbano, Eloísa |
| Enlace | - fe1reure@uco.es |
| 100 1# - ASIENTO PRINCIPAL--NOMBRE PERSONAL | |
| Nombre de persona | Quintero Ordoñez, Belén |
| 100 1# - ASIENTO PRINCIPAL--NOMBRE PERSONAL | |
| Nombre de persona | Marín Díaz, Verónica |
| 245 10 - MENCIÓN DE TÍTULO | |
| Título | De la competencia informacional al ciberplagio en Educación Primaria |
| 506 0# - NOTA DE RESTRICCIONES AL ACCESO | |
| Limitaciones de acceso | Acceso abierto |
| 520 3# - NOTA DE RESUMEN, ETC. | |
| Sumario, etc. | El desarrollo de la competencia digital e informacional en los estudiantes de Educación Primaria, hoy en día, conlleva no solo el aprendizaje de unas habilidades que les ayuden en la búsqueda y construcción del conocimiento sino que, también, les debe permitir dilucidar entre lo ético y lo no ético. En la actualidad, el número de trabajos que los alumnos presentan a los docentes, fruto de su reflexión y selección crítica de la información encontrada, es muy escaso, pues en una gran mayoría se encuentra un alto grado de lo que se ha denominado ciberplagio. Este artículo presenta una llamada de atención sobre la necesidad no solo de formar en la competencia digital e informacional sino también en un código ético que interioricen y apliquen en su vida diaria. |
| 650 #4 - ASIENTO SECUNDARIO DE MATERIA - TERMINO TEMATICO | |
| Término de materia o nombre geográfico como elemento de entrada | Educación primaria |
| 9 (RLIN) | 1552 |
| 650 #4 - ASIENTO SECUNDARIO DE MATERIA - TERMINO TEMATICO | |
| Término de materia o nombre geográfico como elemento de entrada | Tecnologías de la información y comunicación |
| 9 (RLIN) | 21219 |
| 653 0# - TERMINO DE INDIZACION - NO CONTROLADO | |
| Término no controlado | Competencias informacionales |
| 653 0# - TERMINO DE INDIZACION - NO CONTROLADO | |
| Término no controlado | Ciberplagio |
| 773 ## - ENLACE AL DOCUMENTO FUENTE/ENTRADA DE REGISTRO ANFITRIÓN | |
| Parte(s) relacionada(s) | Vol. 2, no. 16 (2016), p. 263-281 |
| Título | Etic@net. Revista científica electrónica de educación y comunicación en la sociedad del conocimiento |
| Número Internacional Normalizado para Publicaciones Seriadas | 1695-324X |
| 856 4# - LOCALIZACIÓN Y ACCESO ELECTRÓNICOS | |
| Identificador Uniforme del Recurso | <a href="https://revistaseug.ugr.es/index.php/eticanet/article/view/11924">https://revistaseug.ugr.es/index.php/eticanet/article/view/11924</a> |
| 856 4# - LOCALIZACIÓN Y ACCESO ELECTRÓNICOS | |
| Identificador Uniforme del Recurso | <a href="https://doi.org/10.30827/eticanet.v16i2.11924">https://doi.org/10.30827/eticanet.v16i2.11924</a> |
| 902 ## - ELEMENTOS DE DATOS B LOCAL, LDB (RLIN) | |
| Creó | Gloria Jiménez/121224 |
| 905 ## - TIPO DE MATERIAL | |
| Tipo de material | Articulo |
| 942 ## - ELEMENTOS DE PUNTO DE ACCESO ADICIONAL (KOHA) | |
| Tipo de ítem Koha | Artículo Electrónico |
| Estado de retiro | Estado de pérdida | Estado dañado | No para préstamo | Código de colección | Localización permanente | Ubicación/localización actual | Ubicación en estantería | Fecha de adquisición | Total de préstamos | Fecha visto por última vez | Identificador Uniforme del Recurso | Precio válido a partir de | Tipo de ítem Koha |
|---|---|---|---|---|---|---|---|---|---|---|---|---|---|
| Acceso abierto | Bib. Gregorio Torres Quintero | Bib. Gregorio Torres Quintero | En línea | 12/12/2024 | 12/12/2024 | https://doi.org/10.30827/eticanet.v16i2.11924 | 12/12/2024 | Artículo Electrónico |
